[Event "Bushehr Lian op 7th"]
[Site "Bushehr"]
[Date "2015.11.16"]
[Round "9"]
[White "Naderi, Mohmmad Javad"]
[Black "Daneshpour, SH."]
[Result "1-0"]
[WhiteElo "2193"]
[BlackElo "2045"]
[PlyCount "117"]
[EventDate "2015.11.11"]
[EventType "swiss"]
[EventRounds "9"]
[EventCountry "IRI"]
[SourceTitle "CBM 169 Extra"]
[Source "ChessBase"]
[SourceDate "2015.12.18"]
[SourceVersion "1"]
[SourceVersionDate "2015.12.18"]
[SourceQuality "1"]

1. e4 e6 2. d4 d5 3. Nc3 Nf6 4. Bg5 Be7 5. e5 Nfd7 6. Bxe7 Qxe7 7. f4 0-0 8. Qh5 c5 9. 0-0-0 cxd4 10. Nb5 Nc6 11. Nf3 f6 12. Bd3 g6 13. Qh4 Nc5 14. exf6 Qxf6 15. Qxf6 Rxf6 16. g3 Bd7 17. Nbxd4 Nb4 18. Kd2 a5 19. a3 Nbxd3 20. cxd3 a4 21. Rc1 b6 22. Ne5 Be8 23. Rhe1 Rf8 24. Rxc5 bxc5 25. Nxe6 Rf5 26. Ng4 Kh8 27. Nc7 Rb8 28. Rxe8+ Rxe8 29. Nxe8 Rf8 30. Ngf6 d4 31. Kc2 Rf7 32. Ne4 Rb7 33. Nxc5 Re7 34. Nd6 Re2+ 35. Kb1 Rxh2 36. Nxa4 Kg7 37. Ne4 Kf7 38. Nac5 Ke7 39. a4 Kd8 40. Ne6+ Kc8 41. Nxd4 h5 42. b4 h4 43. gxh4 Rxh4 44. Ne2 Rh2 45. N4c3 Rh4 46. d4 Kb7 47. Kc2 Ka6 48. Kd3 Rh8 49. Ne4 Rb8 50. Kc4 Re8 51. N2c3 Rf8 52. Nd5 Rf5 53. Nc5+ Ka7 54. b5 g5 55. fxg5 Rxg5 56. b6+ Kb8 57. a5 Rg1 58. a6 Rc1+ 59. Kb5 1-0

[Event "Fajr op 13th"]
[Site "Tehran"]
[Date "2005.01.31"]
[Round "7"]
[White "Daneshpour, SH."]
[Black "Abedi, Ali"]
[Result "1-0"]
[WhiteElo "2167"]
[BlackElo "2246"]
[PlyCount "69"]
[EventDate "2005.01.04"]
[EventType "swiss"]
[EventRounds "9"]
[EventCountry "IRI"]
[SourceTitle "CBM 104 Extra"]
[Source "ChessBase"]
[SourceDate "2005.03.01"]
[SourceVersion "1"]
[SourceVersionDate "2005.03.01"]
[SourceQuality "1"]

1. c4 e5 2. Nc3 f5 3. g3 Nf6 4. Bg2 Be7 5. d3 0-0 6. Nf3 d6 7. 0-0 Qe8 8. Nd5 Nbd7 9. Nxc7 Qh5 10. Nxa8 f4 11. Nc7 Nb6 12. c5 dxc5 13. Qb3+ Kh8 14. a4 Bh3 15. a5 c4 16. Qb5 Nbd7 17. a6 fxg3 18. hxg3 bxa6 19. Rxa6 cxd3 20. Ne6 dxe2 21. Qxe2 Rc8 22. Bxh3 Qxh3 23. Neg5 Qh5 24. Kg2 h6 25. Rh1 Qg4 26. Nf7+ Kg8 27. N7xe5 Nxe5 28. Qxe5 Kf8 29. Qe6 Rc2 30. Be3 Rxb2 31. Bxa7 Qb4 32. Bd4 Rc2 33. Bxf6 gxf6 34. Ra8+ Kg7 35. Qg8# 1-0

[Event "Fajr op 13th"]
[Site "Tehran"]
[Date "2005.01.28"]
[Round "2"]
[White "Ibrahimov, Rasul"]
[Black "Daneshpour, SH."]
[Result "1-0"]
[WhiteElo "2501"]
[BlackElo "2167"]
[PlyCount "88"]
[EventDate "2005.01.04"]
[EventType "swiss"]
[EventRounds "9"]
[EventCountry "IRI"]
[SourceTitle "CBM 104 Extra"]
[Source "ChessBase"]
[SourceDate "2005.03.01"]
[SourceVersion "1"]
[SourceVersionDate "2005.03.01"]
[SourceQuality "1"]

1. Nf3 e6 2. g3 Nf6 3. Bg2 b6 4. 0-0 Bb7 5. c4 c5 6. Nc3 Be7 7. d4 0-0 8. d5 exd5 9. cxd5 d6 10. e4 Re8 11. e5 dxe5 12. Nxe5 Bd6 13. Nc4 Bf8 14. Bf4 Na6 15. Qb3 Nh5 16. Be3 Qd7 17. Rad1 Rad8 18. Bg5 Ra8 19. Ne4 h6 20. Bc1 Rad8 21. Qf3 f5 22. Nxc5 Bxc5 23. Qxh5 Qf7 24. Qxf7+ Kxf7 25. a3 Nb8 26. Ne3 g6 27. b4 Bf8 28. Bb2 a5 29. bxa5 bxa5 30. Rc1 Rc8 31. Rfd1 Rxc1 32. Rxc1 Rc8 33. Rxc8 Bxc8 34. Nc4 Nd7 35. Nxa5 Ba6 36. Nc6 Bd6 37. a4 Bc4 38. a5 g5 39. Bc3 Ke8 40. Bb4 Bc7 41. d6 Bd8 42. Nxd8 Kxd8 43. Bf1 Bd5 44. a6 Ne5 1-0

[Event "IRI-ch13"]
[Site "Tehran"]
[Date "2002.07.30"]
[Round "5"]
[White "Chaichi, SN."]
[Black "Daneshpour, SH."]
[Result "1/2-1/2"]
[WhiteElo "2188"]
[BlackElo "2301"]
[PlyCount "170"]
[EventDate "2002.07.28"]
[EventType "swiss"]
[EventRounds "9"]
[EventCountry "IRI"]
[SourceTitle "CBM 089 Extra"]
[Source "ChessBase"]
[SourceDate "2002.09.10"]
[SourceVersion "2"]
[SourceVersionDate "2002.09.10"]
[SourceQuality "1"]

1. e4 e6 2. d4 d5 3. Nc3 Nf6 4. Bg5 Be7 5. e5 Nfd7 6. Bxe7 Qxe7 7. Nb5 Nb6 8. Nf3 0-0 9. Bd3 a6 10. Nc3 N8d7 11. h4 f6 12. Ng5 h6 13. Qh5 fxg5 14. Qg6 Rf5 15. Bxf5 Nf8 16. Bxe6+ Bxe6 17. Qh5 Nh7 18. hxg5 Qxg5 19. Qxg5 Nxg5 20. 0-0-0 Rf8 21. f3 Nc4 22. Rde1 b6 23. b3 Na5 24. Na4 Nc6 25. Rh4 Ne7 26. Rd1 Bd7 27. Nb2 Ne6 28. Rhh1 c5 29. dxc5 bxc5 30. Nc4 Bc6 31. Ne3 d4 32. Nc4 Nd5 33. Rd2 Bb5 34. Nd6 Ne3 35. Re1 Bc6 36. Rf2 Nf4 37. Rg1 Ng6 38. c3 Nxe5 39. cxd4 cxd4 40. Rd2 Bxf3 41. Rxd4 Bxg2 42. Rd2 Rf6 43. Nc4 N3xc4 44. Rdxg2 Nd3+ 45. Kb1 Na3+ 46. Ka1 g5 47. Rd2 Ne5 48. Rd5 Nf3 49. Rc1 Kg7 50. Kb2 Nb5 51. a4 Nbd4 52. b4 g4 53. Ka3 g3 54. b5 axb5 55. axb5 g2 56. Rc7+ Kg6 57. Rc8 Nf5 58. Rg8+ Ng7 59. Rd7 Rf7 60. Rd1 h5 61. Kb4 h4 62. Rh8 Kg5 63. b6 Kg4 64. Ka5 h3 65. Ka6 h2 66. Rxh2 Nxh2 67. Rg1 Rf2 68. b7 Ra2+ 69. Kb6 Nf3 70. Rxg2+ Rxg2 71. b8Q Ne6 72. Qg8+ Nfg5 73. Qg6 Rb2+ 74. Kc6 Nd4+ 75. Kc5 Nde6+ 76. Kc4 Rf2 77. Kb4 Rf4+ 78. Kc3 Nc5 79. Qg7 Kf3 80. Kb2 Nge4 81. Qh6 Nd3+ 82. Kc2 Ne1+ 83. Kd1 Ng2 84. Qxf4+ Nxf4 85. Kc2 Ke3 1/2-1/2

[Event "IRI-ch13"]
[Site "Tehran"]
[Date "2002.07.29"]
[Round "3"]
[White "Akbarinia, Sayed Arash"]
[Black "Daneshpour, SH."]
[Result "1-0"]
[WhiteElo "2257"]
[BlackElo "2301"]
[PlyCount "141"]
[EventDate "2002.07.28"]
[EventType "swiss"]
[EventRounds "9"]
[EventCountry "IRI"]
[SourceTitle "CBM 089 Extra"]
[Source "ChessBase"]
[SourceDate "2002.09.10"]
[SourceVersion "2"]
[SourceVersionDate "2002.09.10"]
[SourceQuality "1"]

1. c4 e6 2. Nf3 Nf6 3. g3 b6 4. Bg2 Bb7 5. d4 d5 6. Nbd2 Be7 7. 0-0 0-0 8. b3 Nbd7 9. Bb2 c5 10. cxd5 exd5 11. Rc1 Re8 12. Re1 Rc8 13. Nf1 Ne4 14. Ne3 cxd4 15. Rxc8 Qxc8 16. Nxd4 Bb4 17. Rf1 Ndf6 18. Qa1 Bd2 19. Nef5 g6 20. Nh4 Bc3 21. Rc1 Bxb2 22. Qxb2 Qd7 23. h3 Qe7 24. e3 Nc5 25. Qa1 Nfe4 26. Rc2 Nd3 27. Bxe4 dxe4 28. Nb5 Rc8 29. Rxc8+ Bxc8 30. Qd4 Bxh3 31. Nc3 g5 32. Ng2 Bf5 33. Nd5 Qe5 34. Qxe5 Nxe5 35. Ne7+ Kf8 36. Nxf5 Nd3 37. a3 a5 38. Kf1 Nc5 39. Nd4 Ke7 40. Ne1 Kd6 41. g4 Nd7 42. Kg2 Ne5 43. Kg3 Kd5 44. Nec2 Nd3 45. a4 Kc5 46. f3 exf3 47. Kxf3 Ne5+ 48. Kg3 Kd5 49. Nf3 Nd3 50. Nxg5 Nc5 51. Nd4 Nd3 52. Nxf7 Ke4 53. Nf5 Nc5 54. N7d6+ Kd3 55. Nc8 b5 56. axb5 Nxb3 57. b6 Nc5 58. Nfd6 a4 59. Nb5 Kc4 60. Ncd6+ Kb4 61. e4 Ka5 62. e5 Kxb6 63. Kf4 Kc6 64. Kf5 Kd7 65. Nc4 Kc6 66. Nc3 h6 67. e6 a3 68. Nxa3 Kd6 69. Nc4+ Ke7 70. Nd5+ Ke8 71. Nd6+ 1-0